00602 a2200169 4500003000500000005001700005040000900022082001200031100003500043245009300078260003200171300001500203505015800218538003000376650001400406651001200420Nust20170207153219.0 cNust a621.382 aMalik, Amir Inayat (MSEE-10) aPerformance analysis of space time codes for wireless communicationcAmir Inayat Malik  bMCS, NUSTc2008aRawalpindi ax, 70, p.; aEffects of wireless channel (page-1) Fundamentals of space time codes (page-6) Space time trellis codes (page-20) Conclusion and future work (page-650).  aAlmirah No 69 Shelf No 2  aMS Thesis aMSEE-10